000 00978nas a2200301 4500
001 BR0304017
003 BR-BrBNA
005 20231205103956.0
007 ta
008 230509b bl.|||p| |||| 00| 00por d
040 _aBR-BrBNA
_bpor
_cBiblioteca Nacional de Agricultura
041 _a(Pt)
072 _aF02
100 1 _aRadmann, E.B.
100 1 _aGonçalves, E.D.
100 1 _aFortes, G.R. de L.
245 1 _aConcentração de ácido indolbutírico e períodos de escuro, no enraizamento "in vitro" de amoreira-preta (Rubus sp.), cv. Ébano
650 _aAMORA
650 _aPROPAGAÇÃO VEGETATIVA
650 _aCULTURA IN VITRO
650 _aANÁLISE QUANTITATIVA
650 _aÁCIDO INDOLBUTÍRICO
650 _aENRAIZAMENTO
650 _aPRODUÇÃO VEGETAL
773 0 _tRevista Brasileira de Fruticultura (Brazil)
_xISSN 0100-2945
_g(Apr 2003), v. 25(1) p. 124-126
_wBR0304017
909 _a202311
_bLúcia
_c55
_dLúcia Elande
942 _2AGRIS
_n0
_cANA
999 _c175752
_d175752